000 00655nam a22002057a 4500
005 20240530110428.0
008 150328s2011 ua g 000 f ara d
017 _a2010/13322
_bمصر . دار الكتب المصرية
020 _a9789770928731
040 _aEG-CaGPL
082 0 4 _221
_a813.01\
_bب ب
100 0 _aبلال فضل
245 1 0 _aبنى بجم :
_bقصص قصيرة : احيانا /
_cبلال فضل
250 _aط1.
260 _aالقاهرة :
_bدار الشروق ،
_c2011
300 _a197 ص ؛
_c20 سم
650 0 4 _aالقصص العربية
942 _2ddc
_cBK
999 _c60795
_d60795